Bilecik Bilecik Bilecik Bilecik Bilecik

Bir Türk ailesinin 450 yıllık öyküsü : (Record no. 9450)

MARC details
000 -BAŞLIK
Sabit Uzunluktaki Kontrol Alanı 02153nam a22003737a 4500
001 - KONTROL NUMARASI
Control Dosyası 0009478
003 - KONTROL NUMARASI KİMLİĞİ
Kontrol Alanı KOHA_MİRAKIL
005 - EN SON İŞLEM TARİHİ ve ZAMANI
Kontrol Alanı 20260207001710.0
007 - FİZİKSEL TANIM SABİT ALAN - GENEL BİLGİ
Sabit uzunluklu kontrol alanı ta
008 - SABİT UZUNLUKTAKİ VERİ ÖGELERİ - GENEL BİLGİ
Sabit Alan 091020b2005 tu |||gr||||#0|||0|tur |
020 ## - ISBN - ULUSLARARASI STANDART KİTAP NUMARASI
Isbn 9754375437
040 ## - KATALOGLAMA KAYNAĞI
Özgün Kataloglama Kurumu TR-BiSEU
Kataloglama Dili tur
Çeviri Kurumu TR-BiSEU
Açıklama Kuralları rda
041 0# - DİL KODU
Metin ya da ses kaydının dil kodu tur
044 ## - YAYINLAYAN/ÜRETEN KURULUŞUN ÜLKE KODU
ISO country code tu
050 ## - SINIFLAMA ve YER NUMARASI
Sınıflama Numarası DR438.3
Yer Numarası .K63 2005
100 1# - KİŞİ ADI
Yazar Adı (Kişi adı) Kocamemi, Fazıl Bülent.
245 1# - ESER ADI BİLDİRİMİ
Başlık Bir Türk ailesinin 450 yıllık öyküsü :
Alt Eseradı vb. Koca-Memi (Memi-Can) Paşa ailesinin tarihçesi/
Sorumluluk Bildirimi Fazıl Bülent Kocamemi ; Fazıl Bülent Kocamemi.
264 #1 - ÜRERİM, YAYIN, DAĞITIM ve TELİF BİLDİRİMİ
Yayın yeri İstanbul :
Yayınlayan Ötüken
Yayın tarihi 2005
300 ## - FİZİKSEL TANIMLAMA
Sayfa, Cilt vb. 220, 20 sayfa: resimli
336 ## - İÇERİK TÜRÜ
Content type term metin
Content type code txt
Source rdacontent
337 ## - MEDYA TÜRÜ
Media type term aracısız
Media type code n
Source rdamedia
338 ## - TAŞIYICI TÜRÜ
Carrier type term cilt
Carrier type code nc
Source rdacarrier
490 1# - DİZİ BİLDİRİMİ
Dizi Bildirimi Ötüken yayınları ;
Cilt Numarası nu.
490 1# - DİZİ BİLDİRİMİ
Dizi Bildirimi 420.
490 1# - DİZİ BİLDİRİMİ
Dizi Bildirimi Edebi eserler ;
Cilt Numarası 274.
500 ## - GENEL NOT
Genel Not Kaynakça var.
505 ## - İÇİNDEKİLER NOTU
İçindekiler Notu Bir aileyi anlatır, fakat herhangi bir aileyi değil. Fertleri asırlar boyunca devlet idaresinde bulunmuş, kuşaklar boyunca Osmanlı idaresini ve sanat hayatını etkilemiş bir aileyi... Gerek ele aldığı konu ve ele alış tarzıyla gerekse yaklaşımıyla Batı'da yaygın olan bir edebî türün bizdeki ilk örneğini teşkil eder. Hikâyeyi ilginç kılanların başında ailenin günümüzde yaşayan bir bireyi tarafından yazılması gelir. "Bu kitabı neden yazdığımı merak edenler olabilir. İçimden "Senin ailenin tarihçesinden başkalarına ne?" dedim. Şu kabul edilebilir cevapları buldum: Birincisi; anlattıklarım yaklaşık beş yüz yıllık bir geçmişi kapsayan tarihî öyküdür. İkincisi; böyle bir çalışma yapan ne ilk, ne de tek kişiyim. .... Ve nihayet; babam sonsuza dek bizden ayrılmadan önce böyle bir çalışma yaparsam ne kadar mutlu olacağını söyledi. Bu son arzuyu yerine getirmeseydim, çekeceğim manevî acının altında ezilecektim."
650 #0 - KONU BAŞLIĞI EK GİRİŞ - KONU TERİMİ
Konusal terim veya coğrafi ad Statesmen's families--Turkey--Biography.
9 (RLIN) 23475
830 1# - SERİ EK GİRİŞİ - TEKBİÇİM ESER ADI
Tekbiçim Başlık Ötüken yayınları ;
Volume number/sequential designation nu.
9 (RLIN) 6723
830 1# - SERİ EK GİRİŞİ - TEKBİÇİM ESER ADI
Tekbiçim Başlık 420.
9 (RLIN) 10844
830 1# - SERİ EK GİRİŞİ - TEKBİÇİM ESER ADI
Tekbiçim Başlık Edebi eserler ;
Volume number/sequential designation 274.
9 (RLIN) 7086
907 ## - LOCAL DATA ELEMENT G, LDG (RLIN)
a Tarih
942 ## - EK GİRİŞ ÖGELERİ (KOHA)
Source of classification or shelving scheme Library of Congress Classification
Koha item type Book
505 ## - İÇİNDEKİLER NOTU
--
--
--
--
--
--
Holdings
Materyal Türü Kalıcı Konum Mevcut Konum Raf Yeri Sınıflandırma Kaynağı Edinim Bilgisi Ana Konular Alt Konular Yer Numarası Demirbaş Numarası Fatura Tarihi Maliyet, Alış Fiyatı Maliyet, Yenileme Fiyatı Geri Çekilme Durumu Kayıp Durumu Hasarlı Durumu Kredi için değil Kayıt Tarih Toplam Ödünçverme Son Görülme Tarihi Son Kontrol Tarihi Genel / Bağış Notu
Book Prof. Dr. Azmi Özcan Kütüphanesi Prof. Dr. Azmi Özcan Kütüphanesi Uluğbey Salonu Library of Congress Classification Bağış DÜNYA TARİHİ (AVRUPA, ASYA, AFRİKA VB.) Balkan Yarımadası DR438.3 .K63 2005 0009478 13/08/2010 10.00 10.00         20/10/2009   05/12/2024 05/12/2024 Ötüken Yayınevi